000 03724nam2a2200361 4500
001 RU\NLR\BIBL_A\011818064
005 20220822172731.0
010 _a978-5-8038-1302-6
_9100
021 _aRU
_bКН-П-18-066756
_9КН-П-18-4809
035 _a(NLR Aleph) 011818064
035 _a(RuMoRGB)009739377
090 _a11950216
_c11950216
100 _a20181011d2018 k y0rusy50 ca
101 0 _arus
_aeng
102 _aRU
105 _aa z 100zy
200 0 _aВып. 18
_eматериалы Всероссийской научно-технической конференции с международным участием "Геонауки - 2018: актуальные проблемы изучения недр", посвященной памяти профессора В. Д. Маца
_f[редакционная коллегия: ответственный редактор Иванова Р. Н., доц. и др.]
210 _d2018
215 _a346 с.
_cил., табл.
300 _aЧасть текста англ.
320 _aБиблиогр. в конце ст.
461 0 _1001RU\NLR\BIBL_A\011470535
_12001#$aГеология, поиски и разведка полезных ископаемых и методы геологических исследований$e[сборник конференций$fредакционная коллегия: Б. Л. Тальгамер, проф. (главный редактор) и др.]$vВып. 18
_911852476
_cИркутск
_d2017
_fредакционная коллегия: Б. Л. Тальгамер, проф. (главный редактор) и др.]
_nИзд-во Иркутского национального исследовательского технического университета
_o[сборник конференций
_tГеология, поиски и разведка полезных ископаемых и методы геологических исследований
_vВып. 18
600 1 _aМац
_bВ.Д.
_f1927
_gВиктор Давыдович
_92385771
_3RU\NLR\AUTH\6601643832
686 1 _aД3д(2)Мац
702 1 _4340
_7ca
_8rus
_aИванова
_bР. Н.
_cканд. геол.-минерал. наук
_gРаиса Николаевна
_9107451
_3RU\NLR\AUTH\77124526
702 1 _4570
_aМац
_bВ. Д.
_cд-р геол.-минерал. наук
_f1927-
_gВиктор Давыдович
_9196665
_3RU\NLR\AUTH\770196716
711 1 2 _a"Геонауки - 2018", всероссийская научно-техническая конференция с международным участием
_eИркутск
_9627955
_3RU\NLR\AUTH\880483767
942 _cBOOK
980 _aNB